000 00936nam a22002417a 4500
003 BLK
005 20250514090045.0
008 220525b bu ||||| |||| 00| 0 bu d
020 _a9789542846581
040 _aBLK
041 _aBUL
_cBUL
072 _aН84
_xБългарска художествена литература
080 _aБългарска литература
_b821.163.2
_z821.163.2-32
100 1 _947854
_aВешим, Михаил
_qМишев, Михаил Георгиев
_eпърви автор
_d17.09.1960 -
139 _aВешим, Михаил
_bВ 53
245 _aСтари хипари и нови разкази
_cМихаил Вешим
257 _aBGR
260 _aСофия
_bСиела Норма
_c2024
_9217021
_n978-954-28-
300 _a256 с.
_c22 см
380 _aX
942 _cKNG
_n0
_s1
_026
999 _c508964
_d508964
944 _a30545
_cНора Радева
_k30542
_lРусанова Ирена